Le vite

Guardat en:
Dades bibliogràfiques
Autor principal: Cornelio Nepote, Cayo (autore)
Format: Llibre
Idioma:llatí
Publicat: Turín Societá Editrice Internazionale 1955
Col·lecció:Scrittori Latini, 11
Matèries:
Etiquetes: Afegir etiqueta
Sense etiquetes, Sigues el primer a etiquetar aquest registre!

MARC

LEADER 00000nam a2200000 a 4500
001 UCZ5831
003 CL-VaPUC
005 20220804152154.0
008 951124e19550000IT |||||||||||||||||lat|d
999 |c 242118  |d 242116 
040 |c Pontificia Universidad Católica de Valparaíso 
082 0 4 |a 871  |b COR  |2 21 
100 1 |a Cornelio Nepote,   |c Cayo  |e autore  |9 874827 
245 1 3 |a Le vite 
260 |a Turín  |b Societá Editrice Internazionale  |c 1955 
300 |a 167 p 
490 0 |a Scrittori Latini, 11 
583 |a last modification  |c 19951124 00:00:00  |k Rodrigo Vera 
650 0 |a Literatura latina   |9 258055 
650 0 |a Formas y géneros literarios  |9 324031 
650 0 |a Crítica e interpretación   |9 255042 
942 |c BK  |2 ddc 
945 |d 19951124 00:00:00  |a lriquelm 
952 |0 0  |1 0  |4 0  |6 871_000000000000000_COR_1955  |7 0  |8 P  |9 254851  |a BIBEDU  |b BIBEDU  |c BIBEDU_PB  |d 2019-11-19  |i 1577654  |o 871 COR 1955  |p 1577654  |r 2024-01-25  |w 2019-11-19  |y BK  |k FIL